| 000 | 00728nam a2200193Ia 4500 | ||
|---|---|---|---|
| 008 | 151121s9999||||xx |||||||||||||| ||und|| | ||
| 082 | _a789।/गर्ग | ||
| 082 | _bHNW-58505 | ||
| 100 | _aगर्ग लक्ष्मीनारायण | ||
| 245 | _aसंगीत मृदंग अंक | ||
| 260 | _b"संगीत कार्यालय, हाथरस,उत्तरप्रदेश।" | ||
| 260 | _c-- | ||
| 300 | _a213 | ||
| 600 | _aगर्ग लक्ष्मीनारायण | ||
| 630 | _aसंगीत मृदंग अंक | ||
| 700 | _aगर्ग लक्ष्मीनारायण | ||
| 730 | _aसंगीत मृदंग अंक | ||
| 942 | _cBOOK | ||
| 999 |
_c1240327 _d1240324 |
||